| 000 | 00848nam a2200181 a 4500 | ||
|---|---|---|---|
| 008 | 121022s1998 ||||||||||||||||| || u | ||
| 050 | _aPAPERS/STAFF/SIZIYA | ||
| 100 | _aSiziya, Seter | ||
| 245 | 1 | 0 |
_aStudy of psychiatric consequences of closed head injury at the kenyatta national hospital _cby Seter Siziya; [and others] |
| 260 |
_aLusaka: _bUniversity of Zambia, School of Medicine _c1998 |
||
| 300 | _ap. 332 - p. 335: ill. | ||
| 490 | _aEast African Medical Journal | ||
| 490 | _vVol. 75, No. 6 | ||
| 500 | _aBibliography | ||
| 650 | 0 | _aPSYCHIATRY--KENYATTA NATIONAL HOSPITAL, KENYA | |
| 650 | _aCLOSED HEAD INJURY--KENYATTA NATIONAL HOSPITAL, KENYA | ||
| 995 |
_aSPECIAL COLLECTIONS _e274 _FCBU-SCHOOL OF MEDICINE LIBRARY (Ndola) _jPAPERS/STAFF/SIZIYA _M1 _UAVAILABLE _WNov 23, 2012 _XCopperbelt University (Staff) _yB274 _ZZambiana Collection |
||
| 999 |
_c32777 _d32777 |
||